The Mayors' Institute : excellence in city design /

Bibliographic Details
Corporate Author: Mayors' Institute on City Design
Other Authors: Russell, James S., 1952-, Robbins, Mark, 1956-
Format: Government Document Book
Language:English
Published: Washington, D.C. : National Endowment for the Arts, [2002]
Edition:1st ed.
Series:NEA series on design.
Subjects:
Online Access:https://purl.fdlp.gov/GPO/LPS96582

MARC

Tag First Indicator Second Indicator Subfields
LEADER 00000cam a2200000Ka 4500
001 in00002410941
005 20211129160355.0
006 m d f
008 080710s2002 dcu s f000 0 eng d
020 |a 1568983778 
020 |a 9781568983776 
035 |a (OCoLC)ocn233640036 
040 |a GPO  |c GPO  |d GPO  |d MvI  |d UtOrBLW 
049 |a WWW 
074 |a 0831-B-02 (online) 
086 0 |a NF 2.2:M 45/2 
245 0 4 |a The Mayors' Institute :  |b excellence in city design /  |c National Endowment for the Arts, the Mayors' Institute on City Design ; James S. Russell, editor ; Mark Robbins, series editor. 
246 3 0 |a Excellence in city design 
250 |a 1st ed. 
264 1 |a Washington, D.C. :  |b National Endowment for the Arts,  |c [2002] 
264 4 |c ©2002 
300 |a 124 pages :  |b digital, PDF file. 
336 |a text  |b txt  |2 rdacontent 
337 |a computer  |b c  |2 rdamedia 
338 |a unspecified  |b zu  |2 rdacarrier 
490 1 |a NEA series on design 
538 |a Mode of access: Internet via the NEA web site. Address as of 07/10/08: http://www.arts.gov/pub/Design/TheMayorsInstitute.pdf ; current access available via PURL. 
500 |a Title from title screen (viewed on July 10, 2008). 
530 |a Also issued in print. 
500 |a Electronic resource. 
610 2 0 |a Mayors' Institute on City Design  |x History. 
650 0 |a Public architecture  |z United States. 
650 0 |a Public spaces  |z United States. 
650 0 |a City planning  |z United States. 
650 0 |a Urban beautification  |z United States. 
776 1 |c Original  |h 124 p.  |w (OCoLC)50292743 
700 1 |a Russell, James S.,  |d 1952- 
700 1 |a Robbins, Mark,  |d 1956- 
710 2 |a Mayors' Institute on City Design. 
830 0 |a NEA series on design. 
856 4 0 |u https://purl.fdlp.gov/GPO/LPS96582  |t 0 
999 |a MARS 
999 f f |s a9c20e0d-add3-3b0d-b003-5a9f5649d914  |i 71935da7-2fd6-37a4-8132-f5b22e9be08b  |t 0 
952 f f |a Texas A&M University  |b College Station  |c Electronic Resources  |d Available Online  |t 0  |e NF 2.2:M 45/2  |h Superintendent of Documents classification 
998 f f |a NF 2.2:M 45/2  |t 0  |l Available Online